Reg a régi magyarság szellemi életének kérdésköréből /

Elmentve itt :
Bibliográfiai részletek
Szerző: Pais Dezső
Dokumentumtípus: Cikk
Megjelent: Magyar Nyelvtudományi Társaság Budapest 1949
Sorozat:Magyar századok : irodalmi műveltségünk történetéhez
Kulcsszavak:Nyelvtörténet - magyar, Etimológia - magyar
Tárgyszavak:
Online Access:http://misc.bibl.u-szeged.hu/62363
LEADER 00912nab a2200229 i 4500
001 misc62363
005 20230308122156.0
008 230119s1949 hu o 0|| hun d
040 |a SZTE Miscellanea Repozitórium  |b hun 
041 |a hun 
100 1 |a Pais Dezső 
245 1 0 |a Reg   |h [elektronikus dokumentum] :  |b a régi magyarság szellemi életének kérdésköréből /  |c  Pais Dezső 
260 |a Magyar Nyelvtudományi Társaság  |b Budapest  |c 1949 
300 |a 5-23  |c 24 cm 
300 |a [19] p.  |c 24 cm 
490 0 |a Magyar századok : irodalmi műveltségünk történetéhez 
561 |a Németh Gyula hagyaték 
591 |a LOM 2690; NOM 4494; MNY 1959/1696/1952; B 10378 
650 4 |a Bölcsészettudományok 
650 4 |a Nyelvek és irodalom 
695 |a Nyelvtörténet - magyar, Etimológia - magyar 
856 4 0 |u http://misc.bibl.u-szeged.hu/62363/1/4494_nom.pdf  |z Dokumentum-elérés